| 000 | 00803cab a22002055a 4500 | ||
|---|---|---|---|
| 001 | L142342 | ||
| 008 | 080207e20080201xxkad f s 000 0 eng d | ||
| 035 | _a(Sirsi) u142342 | ||
| 041 | 0 | _aeng | |
| 100 | 1 | _aShah, Aditi | |
| 245 | 0 | 0 |
_aRegional report _bBerkshire |
| 260 | _c2008 | ||
| 490 | 0 |
_aProperty Week _v73(5) 1 February 2008, 93-108(10) |
|
| 520 | _aReports on news and deals from around the region: Green Park Village, Reading, a mixed-use scheme; plans to regenerate Bracknell. Discusses how a US recession would affect the region. Reports on how the credit crunch is affecting office development in Bracknell and the Thames Valley. | ||
| 590 | _aKA | ||
| 651 | 4 | _aBerkshire | |
| 690 | _aPROPERTY-COMMERCIAL PROPERTY-COMMERCIAL PROPERTY MARKET | ||
| 700 | 1 | _aHeap, Richard | |
| 942 | _n0 | ||
| 999 |
_c79785 _d79785 |
||